| 000 | 00701nam a2200217 a 4500 | ||
|---|---|---|---|
| 001 | 5901 | ||
| 003 | CDMR | ||
| 005 | 20140917133955.0 | ||
| 008 | 130220s2001||||||||||||||||||||||||||||d | ||
| 020 | _a8488811659 | ||
| 040 |
_aCDMR _bcat _cCDMR |
||
| 100 | 1 |
_aEscamilla, David _9249 |
|
| 245 | 1 | 0 |
_aL'univers Tísner _b: 1912-2000 : gairebé un segle _cDavid Escamilla, Jordi Finestres ; pròleg de Maria-Antònia Oliver |
| 260 |
_aBarcelona _bAngle _c2001 |
||
| 300 |
_a172 p ; _c20 cm |
||
| 490 | 0 |
_aProtagonistes del nostre temps _v2 |
|
| 600 | 1 |
_92923 _aArtís-Gener, Avel·lí _d -- 1912-2000 |
|
| 650 | 0 | 4 |
_aPeriodistes catalans _vBiografia _93139 |
| 700 | 1 |
_91322 _aFinestres, Jordi |
|
| 942 |
_cMON _2udc |
||
| 999 |
_c5901 _d5901 |
||